Queen Christina Βασίλισσα Χριστίνα
Αποφασισμένη να απαλλαγεί από τα πρωτόκολλα της αυλής και τα δεσμά της εξουσιάς, η βασίλισσα Χριστίνα, μεταμφιεσμένη σε άνδρα, ταξιδεύει στην επαρχία. Εκεί θα γνωρίσει και θα ερωτευτεί έναν γοητευτικό Ισπανό διπλωματικό ακόλουθο. Φανταστείτε την έκπληξη του διπλωμάτη όταν θα βρίσκεται μαζί με το νεα...
Αποθηκεύτηκε σε:
| Άλλοι συγγραφείς: | , , , , , |
|---|---|
| Μορφή: | |
| Γλώσσα: | English Multiple |
| Δημοσίευση: |
Αθήνα :
Audio Visual Enterprises [Εταιρεία διανομής],
c2005.
|
| Θέματα: | |
| Ετικέτες: |
Προσθήκη ετικέτας
Δεν υπάρχουν, Καταχωρήστε ετικέτα πρώτοι!
|
MARC
| LEADER | 00000cgm a2200000 i 4500 | ||
|---|---|---|---|
| 001 | 1/4956 | ||
| 008 | 100226s2005 gr ||| | || ||eng|| | ||
| 035 | |l 10106995 | ||
| 040 | |a GR-MyUa |b gre |e AACR2 | ||
| 041 | 0 | |a eng |j mul | |
| 082 | 7 | |a 791.437 |2 (22) | |
| 245 | 0 | 0 | |a Queen Christina |h [μαγνητοσκόπηση] = |b Βασίλισσα Χριστίνα / |c directed by Rouben Mamoulian. |
| 246 | 1 | |i Παράλληλος τίτλος: |a Βασίλισσα Χριστίνα | |
| 260 | |a Αθήνα : |b Audio Visual Enterprises [Εταιρεία διανομής], |c c2005. | ||
| 300 | |a 1 βιντεοδίσκος (97 λεπτ.) : |b ομίλ., ασπρόμ. ; |c 4 3/4 ίν. | ||
| 500 | |a Κυκλοφόρησε πρώτη φορά ως κινηματογραφική ταινία το 1933. | ||
| 508 | |a Παραγωγή, Walter Wanger ; σενάριο, H.M. Harwood & Salka Viertel ; από την πρωτότυπη ιστορία των Salka Viertel & Margaret P. Levino. | ||
| 511 | 0 | |a Greta Garbo, John Golbert, Ian Keith, Lewis Stone, Elizabeth Young. | |
| 520 | 8 | |a Αποφασισμένη να απαλλαγεί από τα πρωτόκολλα της αυλής και τα δεσμά της εξουσιάς, η βασίλισσα Χριστίνα, μεταμφιεσμένη σε άνδρα, ταξιδεύει στην επαρχία. Εκεί θα γνωρίσει και θα ερωτευτεί έναν γοητευτικό Ισπανό διπλωματικό ακόλουθο. Φανταστείτε την έκπληξη του διπλωμάτη όταν θα βρίσκεται μαζί με το νεαρό ευγενή στο δωμάτιο ενός πανδοχείου, αναγκασμένοι να μοιραστούν το ίδιο κρεβάτι. | |
| 546 | |a Στα αγγλικά με υπότιτλους στα ελληνικά. | ||
| 600 | 0 | 0 | |a Christina, |c Queen of Sweden, |d 1626-1689 |v Drama. |
| 655 | 7 | |a Feature films |2 lcgft | |
| 700 | 1 | |a Mamoulian, Rouben, |e drt | |
| 700 | 1 | |a Garbo, Greta, |d 1905-1990, |e act | |
| 700 | 1 | |a Gilbert, John, |d 1897-1936, |e act | |
| 700 | 1 | |a Keith, Ian, |d 1899-1960, |e act | |
| 700 | 1 | |a Stone, Lewis, |d 1879-1953, |e act | |
| 700 | 1 | |a Young, Elizabeth, |d 1908-2007, |e act | |
| 852 | |a INST |b SYROS |c AV |e 20100226 |h 791.437 MAM |p 005500007818 |q 005500007818 |t DVD |y 23 | ||
| 901 | |a BIBL5-2008-1 | ||
| 909 | |a Ε |b 160248 | ||
| 922 | |a 5ΕΛΗ |b 200810 |c ΒΙΒΛΙΟΘΗΚΗ ΣΥΡΟΥ |d DVD CLUB ENTER | ||
| 970 | |a ΚΟΝΤΟΥ |b ΠΑΡΑΣΚΕΥΗ |z 2010/02/26 | ||